| 000 | 00344nam a2200121 a 4500 | ||
|---|---|---|---|
| 001 | 000045219 | ||
| 005 | 20201002045957.0 | ||
| 008 | 150211s1900 000 spa d | ||
| 040 |
_aDO-SdBNP _bspa _cBNPHU |
||
| 245 | 0 | _aCatálogo educamos sin fronteras 2007-2008. | |
| 260 |
_aSanto Domingo : _bSusaeta, _c1900. |
||
| 300 |
_a64 p. : _bil. ; _c21 cm. |
||
| 999 |
_c44708 _d44708 |
||